| 000 | 00551nam a22001817a 4500 | ||
|---|---|---|---|
| 003 | CEME | ||
| 005 | 20210628203830.0 | ||
| 008 | 210317b xxu||||| |||| 00| 0 eng d | ||
| 020 | _a0-471-94283-9 | ||
| 040 | _c. | ||
| 082 | _a658.562 BOR'P | ||
| 100 |
_aBorn, Gary _967478 |
||
| 245 | _aProcess management to quality improvement, the way to design document and re-engineer business systems | ||
| 260 |
_aNEWYORK _bJOHN WILEY _c1994 |
||
| 300 | _a290P | ||
| 650 |
_aPRODUCTION MANAGEMENT QUALITY CONTROL PROCESS CONTROL _967479 |
||
| 942 |
_cBK _2ddc |
||
| 999 |
_c575253 _d575253 |
||